Development of Scots law on dilapidations: Diminution valuations as a measure of the landlord's loss (Record no. 84870)

MARC details
000 -LEADER
fixed length control field 01046cab a22002295a 4500
001 - CONTROL NUMBER
control field L159360
008 - FIXED-LENGTH DATA ELEMENTS--GENERAL INFORMATION
fixed length control field 161206e2016 xxk 000 0 eng d
035 ## - SYSTEM CONTROL NUMBER
System control number (Sirsi) u159360
041 0# - LANGUAGE CODE
Language code of text/sound track or separate title eng
100 1# - MAIN ENTRY--PERSONAL NAME
Personal name Kay, Richard
245 00 - TITLE STATEMENT
Title Development of Scots law on dilapidations: Diminution valuations as a measure of the landlord's loss
260 ## - PUBLICATION, DISTRIBUTION, ETC.
Date of publication, distribution, etc. 2016
490 ## - SERIES STATEMENT
Series statement Journal of Building Survey, Appraisal & Valuation
Volume/sequential designation 5(2) Autumn 2016, 103-112(10)
520 ## - SUMMARY, ETC.
Summary, etc. Compares and outlines English and Scottish case law on diminution valuations as a measure of the landlord's loss in dilapidations claims. Includes 4 worked examples for working out claims including costs of works, valuation, upgrading/modernisation with possible change of use and more complicated scenarios dependant upon whether the building has been left in good order
590 ## - LOCAL NOTE (RLIN)
Local note KA
650 24 - SUBJECT ADDED ENTRY--TOPICAL TERM
Topical term or geographic name entry element Dilapidations
9 (RLIN) 6235
650 24 - SUBJECT ADDED ENTRY--TOPICAL TERM
Topical term or geographic name entry element LANDLORD AND TENANT ACT 1927 S18(1)
650 24 - SUBJECT ADDED ENTRY--TOPICAL TERM
Topical term or geographic name entry element DIMINUTION
651 #4 - SUBJECT ADDED ENTRY--GEOGRAPHIC NAME
Geographic name International
690 ## - LOCAL SUBJECT ADDED ENTRY--TOPICAL TERM (OCLC, RLIN)
Topical term or geographic name as entry element Valuation
9 (RLIN) 6273
942 ## - ADDED ENTRY ELEMENTS (KOHA)
Suppress in OPAC 0
Holdings
Withdrawn status Lost status Source of classification or shelving scheme Damaged status Not for loan Home library Current library Shelving location Date acquired Total Checkouts Full call number Barcode Date last seen Copy number Price effective from Koha item type
    Dewey Decimal Classification     London London Journal article 06/12/2016   L159360 159360-1001 06/08/2019 1 06/08/2019 Journal article